LEADER 01148nam a2200301 u 4500 001 000000043676 003 CaOOAMICUS 005 20070226114450.0 008 990412s1971 it u000 u ita u 035 $a10819590 040 $aPUL(R)$bita 041 1 $aita$heng 100 1 $aMoore, Wilbert E.$0(OLS)http://pul/name/31834 240 10$aSocial change.$lItaliano.$0(OLS)http://pul/title/58912 245 13$aIl mutamento sociale /$cWilbert E. Moore. 260 $aBologna :$bIl Mulino,$cc1971. 300 $a183 p. ;$c22 cm 490 1 $aSerie di sociologia 500 $aContiene indici. 504 $aBibliografia in nota. 650 4$aSocietà.$0(OLS)http://pul/subject/7210 650 4$aSociologia politica.$0(OLS)http://pul/subject/7212 830 0$aSerie di sociologia.$0(OLS)http://pul/title/58536 850 $aPUL 852 $aPUL$W1$xDP1 Cons. Gen., Altre Classi 1$y22$m43 C 12$j58853$nBK-PRI$b $qStampati$B58853$CPULBib$Z2$F58853 $H $81 941 1 $a8 996 $6245$aIl mutamento sociale$9(OLS)http://pul/title/58913 996 $6260$aBologna :$bIl Mulino$9(OLS)http://pul/publisher/47928 LEADER 01055nam a2200265 u 4500 001 000000050469 003 CaOOAMICUS 005 20070226115227.0 008 000803s1999 it a u000 u ita u 020 $a8830708399 035 $a10853559 040 $aPUL$bita 245 00$aGuida del mondo :$b1999/2000 : il mondo visto dal sud. 260 $aRoma :$bIstituto del Tercer Mundo,$c1999. 300 $a623 p. :$bill., c. geogr. ;$c27 cm 504 $aBibliografia in nota. 650 4$aGeografia sociale.$0(OLS)http://pul/subject/21262 651 4$aTerra.$0(OLS)http://pul/subject/21263 850 $aPUL 852 $aPUL$W1$xSL Cons. Gen., Altre Classi 1$y1$m2013 F 16$j66911$nBK-PRI$b $qStampati$B66911$CPULBib$Z2$F66911 $H $81 941 1 $a8 961 $aINV: 81906 996 $6020$a8830708399$9(OLS)http://pul/number/63879 996 $6245$aGuida del mondo :$b1999/2000 : il mondo visto dal sud$9(OLS)http://pul/title/67907 996 $6260$aRoma :$bIstituto del Tercer Mundo$9(OLS)http://pul/publisher/67708